MARC

LEADER 00000nab a2200000 a 4500
001 vtls000357887
003 SK-MaSNL
005 20260418034558.0
008 111201c1989 xo 0 slo
015 |a SNBRB19rr/mm-uuuuu 
035 |a CL0358009 
040 |a SNKBUCL  |b slo  |c SNKBUCL  |e AACR2 
041 0 |a slo 
044 |a xo  |c SK 
080 |a 885.4-1  |2 1981 
100 1 |a Rojček, František,  |d 1949-2024  |4 aut  |9 122003 
245 1 0 |a Epigramy  |c František Rojček 
500 |a Názvy jednotlivých epigramov: Sprcha, Z náuky o trestoch, Pevné nitky, O vazaloch, Otrocká túžba, Priama cesta, Hlavou proti múru. 
650 0 7 |a epigramy  |2 snkbucl  |9 75613 
655 7 |a články z novín a časopisov  |2 snkbucl  |9 267496 
655 7 |a články z odboru literárna veda a krásna literatúra  |2 snkbucl  |9 770045 
773 0 |t Roháč  |g Roč. 42, č. 27 (1989), s. 7 
850 |a Slovenská národná knižnica v Martine  |a MTA001 
852 |a SNK  |b KIS3GCP 
958 |a RK 
958 |a LX 
992 |a RBX 
999 |c 1521139  |d 1523069